000
00293nam a22001217a 4500
008
170512b xxu||||| |||| 00| 0 eng d
041
_a
eng
080
_a
94
100
_a
15
101
_a
SHH
245
_a
HISTORY OF ENGLISH THOUGHT IN THE EIGHTEENTH CENTURY
_c
STEPHEN, S.L
942
_2
udc
_c
BK
999
_c
13323
_d
13323